000
00314nam a2200121Ia 4500
005
20251222144841.0
008
251222s9999||||xx |||||||||||||| ||spa||
082
_a
263.4/C28
100
_a
Carter, Edward J.
245
0
_a
Shepherds of Christ Newsletters
264
_b
Shepherds of Christ Publications
942
_c
LIB
999
_c
21246
_d
21246